1429 1805 1925 1987 1179 1704 1990 1550 1871 1263 1344 1090 1051 1484 1296 1697 1320 1024 1801 1661 1302 1942 1683 1555 1123 1580 1382 1402 1238 1126 1801 1259 1325 1365 1294 1105 1390 1890 1538 1628 1263 1128 1879 1079 1417 1651 1029 1339 1193 1481 1731 1084 1633 1194 1419 1832 1029 1327 1491 1024 1613 1126 1585 1999 1170 1265 1065 1021 1324 1869 1038 1425 1661 1977 1159 1060 1676 1416 1653 1038 1893 1724 1654 1656 1961 1722 1224 1066 1900 1037 1043 1833 1285 1980 1662 1762 1322 1513 1230 BCNSPRNW ULIB Ver.6.0+V

เปลี่ยนเป็นภาษาไทย

Change to English
 แสดงรายละเอียดบรรณานุกรม
  กลับหน้าหลัก

Brief Record : Get Marc (ISO 2709) : E-mail record : QR code < ปิดหน้าต่าง
LEADER : 00000nam 2200000uu 4500
001    13399120555
003     ULIB
008    120927s2549||||th 000 0 tha d
020    ^a9741335113
060 04 ^aWY105^bก446 2549
245 00 ^aการจัดการทางการพยาบาลเพื่อความปลอดภัย /^cเพ็ญจันทร์ แสนประสาน ... [และคนอื่นๆ]
250    ^aพิมพ์ครั้งที่ 3
260    ^aกรุงเทพฯ :^bสุขุมวิทการพิมพ์,^c2549
300    ^aก-ข, 318 หน้า :^bภาพประกอบ ;^c26 ซม.
650  7 ^aการพยาบาล
650  7 ^aประกันคุณภาพ
700 0  ^aเพ็ญจันทร์ แสนประสาน
945    ^p250^l0^i14554
995    ^aวิภา
999 ^a ใช้งานได้ทุกระบบ
รายการนี้ยังไม่มีแท็ก
คุณยังไม่ได้ล็อกอิน คุณสามารถมีกิจกรรมร่วมกับเว็บไซต์ได้ แต่ต้องล็อกอินก่อน ::
  ล็อกอิน

รายการสื่อสารสนเทศ

ลำดับที่ ประเภท เลขเรียก/บาร์โค้ด สถานที่ สถานะ
1. วิทยาศาสตร์การแพทย์ และสุขภาพ
วิทยาศาสตร์การแพทย์ และสุขภาพ
WY105 ก446 2549  
  Barcode: 14554
ห้องสมุดวิทยาเขตสวรรค์ประชารักษ์
►หนังสือทั่วไป
ถูกยืม กำหนดส่งวันที่ 11 พฤษภาคม 2558
  จอง

รายการใกล้เคียง
    หัวเรื่อง [การพยาบาล]
    หัวเรื่อง [ประกันคุณภาพ]

BibComment


ยังไม่เคยถูกคอมเมนท์

คอมเมนท์ทรัพยากรรายการนี้
  คอมเมนท์: การจัดการทางการพ..


 Copyright 2026. Bcnsprnw @Library